Výkonnost podniku v podmínkách udržitelného rozvoje

Výkonnosť podniku a jej hodnotenie metódou balanced scorecard. Aplikácia metódy BSC v podmienkach trvalo udržateľného rozvoja. Perspektíva interných podnikových procesov.

Gespeichert in:
Bibliographische Detailangaben
1. Verfasser: Kožená, Marcela
Format: Buchkapitel
Sprache:Tschechisch
Schlagworte:
Tags: Tag hinzufügen
Keine Tags, Fügen Sie das erste Tag hinzu!

MARC

LEADER 00000nla$a2200000$$$4500
001 0124576
005 20221019104013.9
041 0 |a cze 
044 |a CZ 
245 1 0 |a Výkonnost podniku v podmínkách udržitelného rozvoje  |c Marcela Kožená 
520 |a Výkonnosť podniku a jej hodnotenie metódou balanced scorecard. Aplikácia metódy BSC v podmienkach trvalo udržateľného rozvoja. Perspektíva interných podnikových procesov. 
610 2 0 |a metóda BSC 
610 2 0 |a rozvoj trvalo udržateľný 
610 2 0 |a výkony podnikové 
610 2 0 |a výkonnosť 
610 2 0 |a efektívnosť ekonomická 
100 1 |a Kožená, Marcela